000 00997cam a22002533a 4500
001 1637
003 PGUSA
005 20140828083004.0
008 990201s1999||||xxu|||||s|||||000 e eng d
040 _aPGUSA
_beng
042 _adc
050 4 _aHV
100 1 _aKingsley, Charles,
_d1819-1875
245 1 0 _aSanitary and Social Lectures and Essays
_h[electronic resource] /
_cCharles Kingsley
260 _bProject Gutenberg,
_c1999
505 0 _aWoman's work in a country parish -- The science of health -- The two breaths -- Thrift -- Nausicaa in London; or, the lower education of women -- The air-mothers -- The tree of knowledge -- Great cities and their influence for good and evil -- Heroism -- The massacre of the innocents -- "A mad world, my masters."
506 _aPublic domain in the USA.
516 _aElectronic text
653 _aEssays
653 _aSocial problems
830 0 _aProject Gutenberg
_v1637
856 4 0 _uhttp://www.gutenberg.org/ebooks/1637
942 _cEB
999 _c230985
_d230985